Datum a čas kvízu
24
Celkem bodů
Celkový počet nahraných bodů na tomto kvízu bez doplňovacích otázek.
5.
Pořadí na kvízu
Konečné umístění týmu na tomto kvízu.
Zaznamenané odpovědi
| # | Otázka | Odpověď | Body | Výsledky |
|---|---|---|---|---|
| 1. | V pátek bylo překlenuto Labe p... | Pardubice | 0 | |
| 2. | Naprosté vyloučení používání m... | Itálie | 0 | |
| 3. | Na obrázku vidíme Kenzu Laili,... | účastnice byly vytvořeny umělou inteligencí (AI) | 1 | |
| 4. | Ve čtvrtek večer musela být ne... | ve Francii | 0 | |
| 5. | Která 34letá úspěšná česká spo... | Petra Kvitová | 1 | |
| 6. | Které tvrzení o starokladrubsk... | B | 0 | |
| 7. | Jak zní druhové jméno divokého... | (kůň) Převalského | 1 | |
| 8. | Kterým jedenáctipísmenným slov... | hipoterapie | 1 | |
| 9. | Kam byste správně koni umístil... | A | 1 | |
| 10. | Koně jsou s člověkem spojení j... | Moravskoslezský kraj | 0 |